000 00626cam a22001934a 4500
005 20250605163940.0
008 250528s ||||||||||||||||||||||||d
035 _a14982
020 _a70562210
040 _aGR-AtMCL
_bgre
_dGR-AtMCL
_eAACR2
245 1 _aAnalysis and Design of Information Systems
300 _a618
520 _aIntroduction to Information Systems Development, Information Requirements Analysis Module, Systems Design, Quality Assurance and Implementation, Bibliography, Index.
700 1 _aSenn James A
_9761
942 _cBK
260 _bMcgraw Hill Book Company
999 _c591
_d591